[Event "Oebro Nytaar 2019"]
[Site "Copenhagen"]
[Date "2019.12.30"]
[Round "6"]
[White "Gregor, Bjarke"]
[Black "Stojanovski, Sandi"]
[Result "0-1"]
[WhiteElo "2080"]
[BlackElo "2193"]
[PlyCount "102"]
[EventDate "2019.12.27"]
[EventType "swiss"]
[EventRounds "7"]
[EventCountry "DEN"]

1. e4 d6 2. d4 Nf6 3. Nc3 g6 4. Nf3 Bg7 5. h3 O-O 6. Be3 Nc6 7. d5 Nb8 8. Bc4
c6 9. dxc6 Nxc6 10. Qd2 a6 11. Bb3 b5 12. a3 Na5 13. Nd4 Bb7 14. f3 e5 15. Nde2
Nxb3 16. cxb3 d5 17. exd5 Nxd5 18. Bc5 Re8 19. Ne4 Re6 20. Rd1 Qc7 21. b4 f5
22. Ng5 Ree8 23. h4 h6 24. Nh3 e4 25. O-O Rad8 26. Qc2 Kh7 27. h5 Ne3 28. hxg6+
Kh8 29. Rxd8 Rxd8 30. Qb3 Nxf1 31. Kxf1 exf3 32. gxf3 Qc6 33. Nef4 Re8 34. Ng1
Bc8 35. Qf7 Be6 36. Qa7 Bc4+ 37. Kg2 Qf6 38. Ngh3 Rd8 39. Kg3 h5 40. Bf2 Bf1
41. Qc7 Bxh3 42. Kxh3 Qd6 43. Ne6 Qxc7 44. Nxc7 Rd6 45. Ne8 Rxg6 46. Nxg7 Kxg7
47. Bd4+ Kf7 48. Kh4 Ke6 49. Kxh5 Rg3 50. f4 Kd5 51. Be5 Rg4 0-1

[Event "Oebro Nytaar 2019"]
[Site "Copenhagen"]
[Date "2019.12.30"]
[Round "6"]
[White "Haubro, Martin"]
[Black "Jacobsen, Mikkel Manosri"]
[Result "1-0"]
[WhiteElo "2349"]
[BlackElo "2348"]
[PlyCount "125"]
[EventDate "2019.12.27"]
[EventType "swiss"]
[EventRounds "7"]
[EventCountry "DEN"]

1. e4 c6 2. d4 d5 3. e5 c5 4. dxc5 e6 5. Nf3 Bxc5 6. Bd3 Nc6 7. O-O Nge7 8. Re1
Ng6 9. c3 Bb6 10. Na3 O-O 11. Nb5 f6 12. Bxg6 hxg6 13. exf6 Qxf6 14. Be3 Bxe3
15. Rxe3 a6 16. Na3 Bd7 17. Qd2 b5 18. Rae1 b4 19. cxb4 Rab8 20. Rb3 g5 21. h3
Qf4 22. b5 axb5 23. Rxb5 Ne5 24. Qxf4 gxf4 25. Rxb8 Nxf3+ 26. gxf3 Rxb8 27. Re2
Kf7 28. Nb1 Bb5 29. Rd2 Bc6 30. Nc3 e5 31. b3 Ke6 32. Kg2 g5 33. Rc2 Kd6 34.
Rd2 Kc5 35. Rc2 Kd4 36. Nd1 Bb5 37. Nb2 Be8 38. Nd1 Bg6 39. Rc6 Bf5 40. Rf6 Bb1
41. Ra6 Kd3 42. Rd6 d4 43. Nb2+ Kc3 44. Na4+ Kd2 45. Nc5 Bxa2 46. Re6 Bxb3 47.
Rxe5 Bc4 48. Rxg5 Rb5 49. Ne4+ Ke2 50. Rg4 Bd5 51. Rxf4 Rb3 52. Ng3+ Kd3 53.
Nf5 Rb4 54. h4 Be6 55. Ng3 Kd2 56. h5 Rc4 57. h6 Bg8 58. Ne4+ Ke2 59. Nf6 d3
60. Rxc4 Bxc4 61. h7 d2 62. Ne4 Bd3 63. Nc3+ 1-0

[Event "Oebro Nytaar 2019"]
[Site "Copenhagen"]
[Date "2019.12.30"]
[Round "6"]
[White "Hector, Jonny"]
[Black "Brondt, Nicolai Kvist"]
[Result "1/2-1/2"]
[WhiteElo "2475"]
[BlackElo "2244"]
[PlyCount "79"]
[EventDate "2019.12.27"]
[EventType "swiss"]
[EventRounds "7"]
[EventCountry "DEN"]

1. e4 c5 2. Nf3 e6 3. d4 cxd4 4. Nxd4 Nc6 5. Nc3 Qc7 6. Be3 a6 7. Qf3 Bd6 8.
O-O-O Be5 9. Nxc6 bxc6 10. Bd4 Bxd4 11. Rxd4 Nf6 12. g4 Rb8 13. g5 Qe5 14. Qg3
Qxd4 15. Qxb8 Nxe4 16. Qf4 d5 17. Nxe4 Qxe4 18. Qxe4 dxe4 19. Bg2 h6 20. Bxe4
hxg5 21. Bxc6+ Bd7 22. Bb7 a5 23. c4 Rh4 24. b3 Kd8 25. h3 Kc7 26. Bg2 Rf4 27.
f3 Bc6 28. Rf1 f5 29. Kd2 e5 30. Ke3 g4 31. hxg4 fxg4 32. Rf2 gxf3 33. Bxf3
Rxf3+ 34. Rxf3 Bxf3 35. Kxf3 g5 36. a3 Kd6 37. b4 axb4 38. axb4 Kc6 39. Ke4 g4
40. Ke3 1/2-1/2

[Event "Oebro Nytaar 2019"]
[Site "Copenhagen"]
[Date "2019.12.30"]
[Round "6"]
[White "Johansson, Thomas"]
[Black "Olsen, Michael Richard W"]
[Result "0-1"]
[WhiteElo "2241"]
[BlackElo "2071"]
[PlyCount "90"]
[EventDate "2019.12.27"]
[EventType "swiss"]
[EventRounds "7"]
[EventCountry "DEN"]

1. d4 Nf6 2. Nf3 d5 3. Bf4 e6 4. e3 Bd6 5. Ne5 Nc6 6. Nd2 a6 7. Be2 Nd7 8. Nef3
Bxf4 9. exf4 Qf6 10. c3 Qxf4 11. O-O Ne7 12. b4 g5 13. a4 Ng6 14. Ne1 Qf6 15.
g3 Qg7 16. Ng2 h5 17. Nf3 f6 18. c4 Ndf8 19. Re1 Kf7 20. Ra3 Bd7 21. Qc2 c6 22.
Bf1 Re8 23. b5 Ne7 24. h4 g4 25. Nd2 Nfg6 26. bxa6 bxa6 27. cxd5 cxd5 28. Bxa6
Nc6 29. Bb5 Rc8 30. Bxc6 Rxc6 31. Rc3 Rhc8 32. Rxc6 Rxc6 33. Qb2 Qf8 34. a5 Qa8
35. Qa2 Ra6 36. Ra1 Bb5 37. Ne3 f5 38. Qc2 Rc6 39. Qb1 Ba6 40. Nb3 Qh8 41. Ra4
f4 42. Ng2 fxg3 43. fxg3 Qb8 44. Qd1 Qxg3 45. Qe1 Qxb3 0-1

[Event "Oebro Nytaar 2019"]
[Site "Copenhagen"]
[Date "2019.12.30"]
[Round "6"]
[White "Kakulidis, Ellen"]
[Black "Nielsen, Viktor Haarmark"]
[Result "1/2-1/2"]
[WhiteElo "2029"]
[BlackElo "2291"]
[PlyCount "145"]
[EventDate "2019.12.27"]
[EventType "swiss"]
[EventRounds "7"]
[EventCountry "DEN"]

1. d4 Nf6 2. g3 d5 3. Nf3 e6 4. c4 Bb4+ 5. Bd2 Bd6 6. Bg2 c6 7. Qc2 O-O 8. Nc3
Nbd7 9. b3 b6 10. O-O Bb7 11. e4 dxe4 12. Ng5 Be7 13. Ngxe4 Nxe4 14. Nxe4 Nf6
15. Bc3 Qc7 16. Rad1 h6 17. Bd2 Nxe4 18. Qxe4 Rad8 19. Bf4 Bd6 20. Be5 Qe7 21.
Rfe1 Rd7 22. Qc2 Rfd8 23. Bf3 Bb4 24. Rf1 f6 25. Bf4 Rxd4 26. Rxd4 Rxd4 27. Qg6
Qf7 28. Qxf7+ Kxf7 29. Bb8 a5 30. Bf4 Rd7 31. h4 g5 32. hxg5 hxg5 33. Be3 c5
34. Bxb7 Rxb7 35. f3 Rd7 36. Kf2 Kg6 37. Rc1 f5 38. Rc2 Rd1 39. Bc1 Rd7 40. a3
Rh7 41. Kg2 Be1 42. Re2 Bc3 43. Rxe6+ Kh5 44. Kh3 g4+ 45. fxg4+ fxg4+ 46. Kg2
a4 47. bxa4 Ba5 48. Bf4 Rh8 49. Kf2 Rh7 50. Ke3 Rh8 51. Ke4 Rh7 52. Rd6 Rh8 53.
Kd5 Rh7 54. Kc6 Rh8 55. Kd7 Rh7+ 56. Ke6 Kg6 57. Ke5+ Kh5 58. Kd5 Rh8 59. Kc6
Rh7 60. Re6 Rh8 61. Kd7 Rh7+ 62. Ke8 Bc3 63. Rxb6 Rh8+ 64. Kf7 Rh7+ 65. Ke6 Ra7
66. Kd5 Bg7 67. Kxc5 Rxa4 68. Kd6 Rxc4 69. Ke6 Rc5 70. Kf7 Rf5+ 71. Kxg7 Rf7+
72. Kg8 Rf8+ 73. Kxf8 1/2-1/2

[Event "Oebro Nytaar 2019"]
[Site "Copenhagen"]
[Date "2019.12.30"]
[Round "6"]
[White "Kristiansen, Jens"]
[Black "Carstensen, Jacob"]
[Result "1-0"]
[WhiteElo "2408"]
[BlackElo "2358"]
[PlyCount "83"]
[EventDate "2019.12.27"]
[EventType "swiss"]
[EventRounds "7"]
[EventCountry "DEN"]

1. Nf3 d5 2. c4 e6 3. d4 Nf6 4. Nc3 Bb4 5. e3 O-O 6. Bd3 c5 7. O-O Nc6 8. a3
Bxc3 9. bxc3 dxc4 10. Bxc4 Qc7 11. Bb2 e5 12. h3 Bf5 13. Qe2 e4 14. Nd2 Bg6 15.
Ba2 Rfd8 16. Rad1 b5 17. Bb1 c4 18. a4 Rab8 19. axb5 Rxb5 20. Ba3 Qd7 21. Qxc4
Rg5 22. f4 Rg3 23. Kh2 Rxe3 24. Rde1 Rxe1 25. Rxe1 Re8 26. Qc5 e3 27. Rxe3 Bxb1
28. Rxe8+ Qxe8 29. Nxb1 Ne4 30. Qb5 a6 31. Qxa6 Qb8 32. Bc1 g5 33. Qxc6 Qxb1
34. fxg5 Qb8+ 35. Kg1 Qb1 36. Qe8+ Kg7 37. Qe5+ Kg8 38. Kh2 Nxc3 39. Qe8+ Kg7
40. Bf4 Qe4 41. Be5+ Kg6 42. Qg8+ 1-0

[Event "Oebro Nytaar 2019"]
[Site "Copenhagen"]
[Date "2019.12.30"]
[Round "6"]
[White "Matthiesen, Martin"]
[Black "Kragh, Niels Kristian"]
[Result "1/2-1/2"]
[WhiteElo "2249"]
[BlackElo "2063"]
[PlyCount "91"]
[EventDate "2019.12.27"]
[EventType "swiss"]
[EventRounds "7"]
[EventCountry "DEN"]

1. Nf3 f5 2. g3 Nf6 3. Bg2 e6 4. O-O Be7 5. d3 d6 6. c4 O-O 7. b4 e5 8. Bb2 Qe8
9. e3 Nc6 10. b5 Nd8 11. Nc3 Ne6 12. d4 e4 13. Nd2 c6 14. f3 d5 15. cxd5 cxd5
16. fxe4 fxe4 17. Qb3 Nc7 18. Ndxe4 Kh8 19. Nxf6 Bxf6 20. Nxd5 Nxd5 21. Bxd5
Bh3 22. Bxb7 Rd8 23. Rf4 Bg5 24. Rxf8+ Qxf8 25. e4 Qf6 26. e5 Qb6 27. Bd5 Qh6
28. Bg2 Be3+ 29. Kh1 Rf8 30. Qd5 g6 31. Bxh3 Qxh3 32. Qg2 Qxg2+ 33. Kxg2 Rf2+
34. Kh3 Rxb2 35. Re1 Bxd4 36. e6 Bf6 37. e7 Bxe7 38. Rxe7 Rxa2 39. g4 Ra5 40.
Rb7 a6 41. b6 Rb5 42. Kg3 a5 43. h4 h6 44. h5 gxh5 45. gxh5 a4 46. Kf4 1/2-1/2

[Event "Oebro Nytaar 2019"]
[Site "Copenhagen"]
[Date "2019.12.30"]
[Round "6"]
[White "Ramsdal, Jens Albert"]
[Black "Porte, Henrik"]
[Result "1/2-1/2"]
[WhiteElo "2302"]
[BlackElo "2164"]
[PlyCount "150"]
[EventDate "2019.12.27"]
[EventType "swiss"]
[EventRounds "7"]
[EventCountry "DEN"]

1. e4 c6 2. d4 d5 3. e5 Bf5 4. h4 h5 5. Bd3 Bxd3 6. Qxd3 e6 7. Bg5 Qa5+ 8. Nd2
c5 9. dxc5 Bxc5 10. Ngf3 Nc6 11. c3 Qc7 12. O-O Nge7 13. b4 Bb6 14. c4 Nxb4 15.
Qb3 Nbc6 16. Bxe7 Nxe7 17. cxd5 Nxd5 18. Rac1 Qd7 19. Ng5 Nf4 20. Nde4 Ne2+ 21.
Kh1 Nxc1 22. Rxc1 O-O 23. Qf3 Bd8 24. Qxh5 Bxg5 25. Nxg5 Qd3 26. Rc7 Rad8 27.
Kh2 Qf5 28. Qe2 Qf4+ 29. g3 Rd2 30. gxf4 Rxe2 31. Kg3 Rxa2 32. Rxb7 a5 33. h5
a4 34. Ra7 a3 35. f3 Ra1 36. f5 a2 37. Kf4 exf5 38. Kxf5 Re8 39. f4 Rb8 40. Ne4
Kh7 41. Ng5+ Kg8 42. Ra6 Rf8 43. h6 gxh6 44. Ne4 Kg7 45. Ra3 Rg1 46. Rxa2 h5
47. Rh2 Rh8 48. Ng5 h4 49. Nf3 Rh5+ 50. Ke4 Rg4 51. Rh3 Kg6 52. Nd4 Rg3 53.
Rxg3+ hxg3 54. Kf3 f6 55. e6 f5 56. Kxg3 Kf6 57. Kg2 Rh8 58. Kg3 Ra8 59. Kf3
Ra3+ 60. Ke2 Ra5 61. Kd3 Ra3+ 62. Kc4 Ra1 63. Kd3 Re1 64. Ne2 Kxe6 65. Kd2 Rf1
66. Ke3 Ra1 67. Nd4+ Kf6 68. Ne2 Ra3+ 69. Kf2 Ke6 70. Nd4+ Kd5 71. Nxf5 Ke4 72.
Ng3+ Kxf4 73. Ne2+ Kg4 74. Nd4 Rc3 75. Ke2 Ra3 1/2-1/2

[Event "Oebro Nytaar 2019"]
[Site "Copenhagen"]
[Date "2019.12.30"]
[Round "6"]
[White "Thorsbro, Peter"]
[Black "Olsen, Peter Erik"]
[Result "0-1"]
[WhiteElo "2161"]
[BlackElo "2241"]
[PlyCount "126"]
[EventDate "2019.12.27"]
[EventType "swiss"]
[EventRounds "7"]
[EventCountry "DEN"]

1. d4 Nf6 2. c4 c5 3. d5 b5 4. cxb5 a6 5. bxa6 g6 6. Nc3 Bxa6 7. g3 d6 8. Bg2
Bg7 9. Nf3 Nbd7 10. Rb1 O-O 11. O-O Qa5 12. Bd2 Rfb8 13. Qc2 Qc7 14. b3 Bb7 15.
e4 Ba6 16. Rfd1 Ng4 17. a4 Nge5 18. Nxe5 Nxe5 19. Be3 Qa5 20. Na2 Rb7 21. h3
Rab8 22. f4 Nd7 23. Kh2 Qd8 24. Bd2 Rc8 25. Rdc1 Rbb8 26. Bc3 Bxc3 27. Nxc3 Qa5
28. Na2 Nb6 29. Qc3 Qxc3 30. Nxc3 Bd3 31. Ra1 Na8 32. Ra3 f5 33. exf5 gxf5 34.
Re1 Kf7 35. Re3 Ba6 36. Bf3 Nc7 37. Be2 Bxe2 38. Rxe2 Rb4 39. Kg2 Rcb8 40. Rb2
c4 41. Kf3 cxb3 42. Ke3 Na6 43. Nb5 Re4+ 44. Kf3 Nc5 45. g4 Kg6 46. Ra1 Rb4 47.
Nc3 Rc4 48. Nb5 Rc2 49. gxf5+ Kf6 50. Rab1 Ra8 51. Nd4 Rc3+ 52. Ke2 Rxa4 53.
Nxb3 Nxb3 54. Rxb3 Rxb3 55. Rxb3 Rxf4 56. Re3 Rxf5 57. Re6+ Kf7 58. Rh6 Kg7 59.
Re6 Re5+ 60. Rxe5 dxe5 61. Kf3 Kf6 62. Kg4 Kg6 63. Kh4 Kf5 0-1

[Event "Oebro Nytaar 2019"]
[Site "Copenhagen"]
[Date "2019.12.30"]
[Round "6"]
[White "Vesterli, Michael E"]
[Black "Vasli, Aref"]
[Result "1-0"]
[WhiteElo "2217"]
[BlackElo "2413"]
[PlyCount "71"]
[EventDate "2019.12.27"]
[EventType "swiss"]
[EventRounds "7"]
[EventCountry "DEN"]

1. d4 Nf6 2. Nc3 d5 3. Bg5 c6 4. f3 Nbd7 5. e4 dxe4 6. fxe4 e5 7. Nf3 Bd6 8.
Qd2 h6 9. Bh4 O-O 10. dxe5 Nxe5 11. O-O-O Nxf3 12. gxf3 Bc7 13. Qg2 Qe7 14. Rg1
g6 15. Qd2 Kh7 16. f4 Qc5 17. Bd3 Ng4 18. e5 Ba5 19. Rde1 Bxc3 20. bxc3 h5 21.
h3 Nh6 22. Rg5 Qa3+ 23. Kd1 Bf5 24. Bxf5 Nxf5 25. Rxf5 gxf5 26. Qd3 Rg8 27.
Qxf5+ Rg6 28. Qxf7+ Rg7 29. Qf5+ Kg8 30. Bf6 Qxc3 31. e6 Qf3+ 32. Kc1 Qa3+ 33.
Bb2 Qb4 34. Qe5 Qe7 35. f5 Rf8 36. f6 1-0

[Event "Oebro Nytaar 2019"]
[Site "Copenhagen"]
[Date "2019.12.30"]
[Round "7"]
[White "Carstensen, Jacob"]
[Black "Hector, Jonny"]
[Result "0-1"]
[WhiteElo "2358"]
[BlackElo "2475"]
[PlyCount "60"]
[EventDate "2019.12.27"]
[EventType "swiss"]
[EventRounds "7"]
[EventCountry "DEN"]

1. d4 d5 2. c4 c6 3. Nf3 Nf6 4. Nc3 dxc4 5. a4 Bf5 6. Ne5 Nbd7 7. Nxc4 Qc7 8.
g3 e5 9. dxe5 Nxe5 10. Bf4 Nfd7 11. Nxe5 Nxe5 12. Bg2 f6 13. a5 a6 14. Bxe5
Qxe5 15. Qa4 Rd8 16. O-O Rd4 17. Bxc6+ bxc6 18. Qxc6+ Kf7 19. Qxa6 Be7 20. e4
Bh3 21. Rfd1 Qh5 22. Rxd4 Qf3 23. Qc4+ Kg6 24. Qf1 Bxf1 25. Rxf1 Rb8 26. a6 Bc5
27. Rd5 Ba7 28. Rb5 Qd3 29. Rxb8 Bxb8 30. Ra1 Ba7 0-1

[Event "Oebro Nytaar 2019"]
[Site "Copenhagen"]
[Date "2019.12.30"]
[Round "7"]
[White "Jacobsen, Mikkel Manosri"]
[Black "Moe, Mogens"]
[Result "1-0"]
[WhiteElo "2348"]
[BlackElo "2142"]
[PlyCount "75"]
[EventDate "2019.12.27"]
[EventType "swiss"]
[EventRounds "7"]
[EventCountry "DEN"]

1. d4 Nf6 2. c4 g6 3. h4 Bg7 4. Nc3 d5 5. h5 Nxh5 6. cxd5 c6 7. e4 cxd5 8. e5
Bf8 9. g4 Ng7 10. Bg2 e6 11. Bh6 Nc6 12. Nf3 f5 13. Bxg7 Bxg7 14. gxf5 gxf5 15.
Nh4 Qg5 16. Nb5 O-O 17. Qd3 a6 18. Nd6 b5 19. Nhxf5 h6 20. Rg1 Ra7 21. Ne3 Rc7
22. Nxd5 Qh4 23. Nf6+ Bxf6 24. exf6 Qxf6 25. Bxc6+ Kh8 26. Ne4 Qf4 27. d5 exd5
28. Qxd5 Re7 29. Qd4+ Kh7 30. Kd1 Bg4+ 31. Kc2 Bf5 32. Rae1 Rc7 33. Kb3 Be6+
34. Bd5 Rd7 35. Ng5+ hxg5 36. Rh1+ Kg6 37. Rxe6+ Kf5 38. Qd3+ 1-0

[Event "Oebro Nytaar 2019"]
[Site "Copenhagen"]
[Date "2019.12.30"]
[Round "7"]
[White "Lilja, Richard"]
[Black "Thuesen, Mogens Henrik"]
[Result "1/2-1/2"]
[WhiteElo "2119"]
[BlackElo "2204"]
[PlyCount "83"]
[EventDate "2019.12.27"]
[EventType "swiss"]
[EventRounds "7"]
[EventCountry "DEN"]

1. e4 e6 2. d3 d5 3. Nd2 Nf6 4. Ngf3 Nc6 5. g3 dxe4 6. dxe4 e5 7. Bb5 Bc5 8.
Qe2 Ng4 9. O-O O-O 10. Bxc6 bxc6 11. b3 Qe7 12. Kg2 a5 13. a4 Ba6 14. Nc4 Nf6
15. Bb2 Nd7 16. Rfd1 f6 17. Qd2 Bxc4 18. Qxd7 Be6 19. Qxc6 Rfd8 20. Bc3 Bb6 21.
Rd2 Bd7 22. Qd5+ Be6 23. Qc6 Bd7 24. Qc4+ Be6 25. Rxd8+ Rxd8 26. Qb5 Qf7 27.
Bxa5 Qh5 28. Ne1 Bh3+ 29. Kg1 Bxa5 30. Qxa5 Qe2 31. Ng2 Qxc2 32. Qe1 Qxb3 33.
a5 Bc8 34. a6 Bxa6 35. Ne3 Bd3 36. Rd1 Rb8 37. Qa5 c6 38. Qc7 Bxe4 39. Rd8+
Rxd8 40. Qxd8+ Kf7 41. Qd7+ Kf8 42. Qd8+ 1/2-1/2

[Event "Oebro Nytaar 2019"]
[Site "Copenhagen"]
[Date "2019.12.30"]
[Round "7"]
[White "Olsen, Michael Richard W"]
[Black "Porte, Henrik"]
[Result "1-0"]
[WhiteElo "2071"]
[BlackElo "2164"]
[PlyCount "77"]
[EventDate "2019.12.27"]
[EventType "swiss"]
[EventRounds "7"]
[EventCountry "DEN"]

1. e4 c6 2. Nf3 d5 3. exd5 cxd5 4. d4 Nc6 5. Be2 Bg4 6. Nbd2 e6 7. Nf1 Bd6 8.
Ne3 Bxf3 9. Bxf3 Nf6 10. c3 Qc7 11. Qe2 O-O 12. g3 Rab8 13. O-O b5 14. Rd1 Rfc8
15. Rd2 Qb6 16. Qd3 Na5 17. b3 Rc7 18. Bb2 Rbc8 19. Rc1 Be7 20. Rdc2 h6 21. Bg2
Nb7 22. c4 bxc4 23. bxc4 dxc4 24. Rxc4 Rxc4 25. Rxc4 Rb8 26. Rc2 Nd6 27. d5 Nb5
28. dxe6 Qxe6 29. Re2 Qd6 30. Qc4 Na3 31. Qc1 Qa6 32. Bf1 Nb5 33. Qa1 Bc5 34.
Nf5 Qb6 35. a4 Nc7 36. Be5 Bxf2+ 37. Rxf2 Ng4 38. Bd4 Qg6 39. Ne7+ 1-0

[Event "Oebro Nytaar 2019"]
[Site "Copenhagen"]
[Date "2019.12.30"]
[Round "7"]
[White "Olsen, Peter Erik"]
[Black "Haubro, Martin"]
[Result "0-1"]
[WhiteElo "2241"]
[BlackElo "2349"]
[PlyCount "60"]
[EventDate "2019.12.27"]
[EventType "swiss"]
[EventRounds "7"]
[EventCountry "DEN"]

1. d4 Nf6 2. Bg5 c5 3. d5 Ne4 4. Bf4 Qb6 5. Nd2 Qxb2 6. Nxe4 Qb4+ 7. Qd2 Qxe4
8. f3 Qb4 9. c3 Qa5 10. e4 d6 11. Bd3 e6 12. Ne2 Be7 13. O-O Nd7 14. dxe6 fxe6
15. Bc4 Nb6 16. Bb3 c4 17. Bc2 e5 18. Be3 O-O 19. Rab1 Bd7 20. Ng3 Rad8 21. a4
Bc6 22. Nf5 Bf6 23. Bg5 Rd7 24. Bxf6 Rxf6 25. f4 Nxa4 26. Bxa4 Bxa4 27. Kh1 Bc6
28. Qe3 a6 29. Rbd1 h6 30. Qg3 Bxe4 0-1

[Event "Oebro Nytaar 2019"]
[Site "Copenhagen"]
[Date "2019.12.30"]
[Round "7"]
[White "Pedersen, Martin Rosenkilde"]
[Black "Kragh, Niels Kristian"]
[Result "0-1"]
[WhiteElo "2133"]
[BlackElo "2063"]
[PlyCount "84"]
[EventDate "2019.12.27"]
[EventType "swiss"]
[EventRounds "7"]
[EventCountry "DEN"]

1. e4 e6 2. d4 d5 3. Nd2 Nf6 4. e5 Nfd7 5. Bd3 c5 6. c3 Nc6 7. Ne2 cxd4 8. cxd4
f6 9. exf6 Nxf6 10. Nf3 Bd6 11. O-O Qc7 12. Bg5 O-O 13. Bh4 Nh5 14. Bg3 Nxg3
15. hxg3 h6 16. Rc1 g5 17. Qd2 Qf7 18. Qe3 Qf6 19. a3 Bd7 20. Bb5 Be8 21. Bxc6
Bxc6 22. Ne5 Bb5 23. Rfe1 Rae8 24. Nc3 Bc6 25. Rc2 Re7 26. Rce2 Kg7 27. f3 Qf5
28. b4 a6 29. Qd2 Be8 30. Rf2 h5 31. f4 g4 32. Nd1 Qf6 33. Ne3 Bg6 34. Nxg6
Qxg6 35. Ref1 Ref7 36. Qc3 h4 37. f5 exf5 38. gxh4 f4 39. Nxd5 g3 40. Rf3 Qg4
41. Nxf4 Bxf4 42. d5+ Kg8 0-1

[Event "Oebro Nytaar 2019"]
[Site "Copenhagen"]
[Date "2019.12.30"]
[Round "7"]
[White "Brondt, Nicolai Kvist"]
[Black "Andersen, Rune"]
[Result "1-0"]
[WhiteElo "2244"]
[BlackElo "2121"]
[PlyCount "55"]
[EventDate "2019.12.27"]
[EventType "swiss"]
[EventRounds "7"]
[EventCountry "DEN"]

1. d4 d5 2. c4 c6 3. Nc3 Nf6 4. e3 e6 5. Nf3 Nbd7 6. Qc2 Bd6 7. b3 a6 8. Be2
O-O 9. O-O b5 10. e4 dxe4 11. Nxe4 Be7 12. Bf4 Nxe4 13. Qxe4 Bb7 14. Rfd1 Re8
15. Qc2 b4 16. Bd3 g6 17. Qe2 c5 18. Be4 Qc8 19. Ne5 Nf6 20. Bf3 Kg7 21. dxc5
Bxc5 22. Bg5 Be7 23. Rd3 Ra7 24. Rad1 Ba8 25. Bh6+ Kg8 26. Qb2 Rd8 27. Rxd8+
Bxd8 28. Qd4 1-0

[Event "Oebro Nytaar 2019"]
[Site "Copenhagen"]
[Date "2019.12.30"]
[Round "7"]
[White "Stojanovski, Sandi"]
[Black "Ramsdal, Jens Albert"]
[Result "0-1"]
[WhiteElo "2193"]
[BlackElo "2302"]
[PlyCount "76"]
[EventDate "2019.12.27"]
[EventType "swiss"]
[EventRounds "7"]
[EventCountry "DEN"]

1. c4 Nf6 2. g3 g6 3. Bg2 Bg7 4. Nc3 O-O 5. e4 d6 6. Nge2 c5 7. O-O Nc6 8. d3
Rb8 9. h3 Bd7 10. Be3 e5 11. Qd2 Nd4 12. Bg5 Qc8 13. Nxd4 cxd4 14. Nb5 Bxb5 15.
cxb5 Qd7 16. a4 Rfc8 17. Kh2 Rc5 18. Bf3 Qc7 19. Rfc1 Rc8 20. Rxc5 Qxc5 21. Kg2
h6 22. b4 Qc3 23. Rc1 hxg5 24. Rxc3 dxc3 25. Qc2 Ne8 26. Bd1 Bf8 27. Qb3 b6 28.
Qd5 Rc7 29. a5 Ng7 30. Qa8 Ne6 31. Qb8 bxa5 32. bxa5 Rc5 33. Bc2 Nd4 34. b6
axb6 35. a6 Nxc2 36. a7 Ra5 37. Kf3 Nd4+ 38. Kg4 c2 0-1

[Event "Oebro Nytaar 2019"]
[Site "Copenhagen"]
[Date "2019.12.30"]
[Round "7"]
[White "Vasli, Aref"]
[Black "Haubro, Sigfred"]
[Result "1-0"]
[WhiteElo "2413"]
[BlackElo "2098"]
[PlyCount "141"]
[EventDate "2019.12.27"]
[EventType "swiss"]
[EventRounds "7"]
[EventCountry "DEN"]

1. e4 d5 2. exd5 Qxd5 3. Nc3 Qa5 4. Nf3 Nf6 5. Be2 g6 6. O-O Bg7 7. Re1 O-O 8.
a4 c6 9. b4 Qc7 10. b5 a6 11. bxa6 Nxa6 12. Ba3 Re8 13. Bc4 Bg4 14. h3 Bxf3 15.
Qxf3 Rad8 16. Rab1 e6 17. Qe2 Nb8 18. Rb3 Nbd7 19. Reb1 Rb8 20. d4 b6 21. Rd1
Ra8 22. Qf3 Nd5 23. Ne4 Bf8 24. Bxf8 Rxf8 25. Ra3 Kg7 26. Bf1 N5f6 27. Nxf6
Nxf6 28. c4 Rfd8 29. c5 Nd5 30. Rc1 Ra5 31. Qe4 Rda8 32. cxb6 Qxb6 33. Rb1 Qc7
34. Qc2 Qd6 35. Raa1 h5 36. Rb7 Nf6 37. Ra2 Nd5 38. Qb3 Qf4 39. Qc4 Qd6 40. Bd3
Qf4 41. g3 Qd6 42. h4 c5 43. Be4 Nf6 44. Bc2 cxd4 45. Bb3 Ne4 46. Qxe6 Qxe6 47.
Bxe6 Nc5 48. Rxf7+ Kh6 49. Bd5 Rd8 50. Re2 Rd7 51. Rxd7 Nxd7 52. Bc6 d3 53. Rd2
Ne5 54. Bb7 Rxa4 55. f4 Ra1+ 56. Kg2 Ng4 57. Bf3 Rc1 58. Rxd3 Rc2+ 59. Kg1 Rc1+
60. Kg2 Rc2+ 61. Kf1 Nh2+ 62. Ke1 Rc1+ 63. Kd2 Ra1 64. Bd1 Ra2+ 65. Bc2 Ra5 66.
Rd6 Kh7 67. Rxg6 Kh8 68. Bd3 Ng4 69. Rg5 Rxg5 70. hxg5 Kg7 71. Be2 1-0

[Event "Oebro Nytaar 2019"]
[Site "Copenhagen"]
[Date "2019.12.30"]
[Round "7"]
[White "Vesterli, Michael E"]
[Black "Kristiansen, Jens"]
[Result "1/2-1/2"]
[WhiteElo "2217"]
[BlackElo "2408"]
[PlyCount "98"]
[EventDate "2019.12.27"]
[EventType "swiss"]
[EventRounds "7"]
[EventCountry "DEN"]

1. d4 f5 2. Nc3 Nf6 3. Bg5 d5 4. e3 Be6 5. Bd3 g6 6. f3 Nc6 7. Bb5 Bg7 8. Nge2
O-O 9. Bxc6 bxc6 10. Nf4 Bf7 11. Bxf6 exf6 12. Nd3 Re8 13. Kf2 Bf8 14. Na4 Bd6
15. f4 Re7 16. Qd2 Qf8 17. Rae1 Qh6 18. Rhf1 g5 19. Kg1 Rae8 20. g3 Bh5 21. h3
Kh8 22. Qf2 Rg8 23. Nac5 Reg7 24. Kh2 Bg4 25. h4 gxh4 26. gxh4 Bf3 27. Rg1 Rg2+
28. Rxg2 Rxg2+ 29. Qxg2 Bxg2 30. Kxg2 Bxc5 31. Nxc5 Qxh4 32. Rh1 Qg4+ 33. Kf2
Qg6 34. b4 Qe8 35. a4 h5 36. c3 Kg7 37. Rh4 Kg6 38. Kf3 Qa8 39. Na6 Qb7 40. Nc5
Qb6 41. Rh1 a5 42. Rg1+ Kf7 43. Rb1 Qb8 44. Kf2 h4 45. Rh1 axb4 46. cxb4 Qxb4
47. Rxh4 Qd2+ 48. Kf3 Kg6 49. Rh1 Qc3 1/2-1/2